000 00475nam a2200205Ia 4500
003 GCL
008 140319s9999 xx 000 0 eng d
040 _aGCL /
_cGCL
082 0 4 _a702
_bC A
100 1 _aCOMTE, HUBERT
245 1 0 _aL'AVENTURE DE L'ART /
_cCOMTE, HUBERT
260 _a[S.N] :
_bNATHAN ،
_c1987
300 _a159 P
650 0 4 _aحسن فتحى
650 0 4 _aDRAWING
650 0 4 _aARTS
650 0 4 _aDESIGN
650 0 4 _aPAINTING
942 _2ddc
_cBK
999 _c21200
_d21200